Empire 8 Logo Quiz - Statistics

General Stats
  • This quiz has been taken 2 times
  • The average score is 6 of 12
Answer Stats
Picture Answer % Correct
Brockport
100%
St. John Fisher
100%
Alfred
50%
Geneseo
50%
Hartwick
50%
Houghton
50%
Nazareth
50%
Poly
50%
Utica
50%
Elmira
0%
Keuka
0%
Sage
0%
No matching quizzes found
Score Distribution
Percent of People with Each Score
Percentile by Number Answered
Your Score History
You have not taken this quiz